El fin de la utopía /

Gorde:
Xehetasun bibliografikoak
Egile nagusia: Marcuse, Herbert (autor)
Beste egile batzuk: Gerhard, Carlos (traducción) (traducción)
Formatua: Liburua
Hizkuntza:gaztelania
Argitaratua: México : Siglo XXI, 1968, c1968
Saila:(Sociología y Política)
Gaiak:
Etiketak: Etiketa erantsi
Etiketarik gabe, Izan zaitez lehena erregistro honi etiketa jartzen!

MARC

LEADER 00000nam^a2200000^a^4500
001 000181940
005 20250521000000.0
009 20260310101950.35
037 |a Acervo ITESO - Biblioteca 
041 |a ESP 
082 |a 146. 33  |b MAR OBR FIN 
100 |a Marcuse, Herbert  |e (autor) 
245 1 3 |a El fin de la utopía /  |c H. Marcuse ; tr. por C. Gerhard. 
264 4 |a México :  |b Siglo XXI,  |c 1968, c1968 
300 |a 170 p. 
336 |a texto  |b txt  |2 rdacontenido 
337 |a sin mediación  |b n  |2 rdamedio 
338 |a volumen  |b nc  |2 rdasoporte 
440 1 |a (Sociología y Política) 
500 |a Traducción de: Das Ende der Utopie 
649 |a XX 
650 |a Utopía -  |x Tema Principal 
650 |a Cambios Políticos 
650 |a Violencia Política 
650 |a Guerra de Vietnam, 1961-1973 -  |x Historia 
650 |a Etica Política 
650 |a Escuela de Frankfurt 
650 |a Marxismo 
650 |a Filosofía del Siglo XX 
650 |a Política 
700 |a Gerhard, Carlos  |e (traducción) 
910 |a Fondo Armando Suárez Gómez 
920 |a Impresos - Libros 
930 |a Fondos Especiales 
905 |a 111 
901 |a 0700000156  |b IT2  |c ESP  |u 20250521 
902 |a https://opac.biblio.iteso.mx/vufind/Record/000181940